Statistics for New York Yankees All Time Stat Leaders

Click here to take the quiz!

General Stats

  • This quiz has been taken 102 times
  • The average score is 8 of 13

Answer Stats

Stat CategoriesTeam RecordPlayers% Correct
Most Homeruns659 HomersBabe Ruth
97%
Most Hits3465 HitsDerek Jeter
91%
Most Wins236 WinsWhitey Ford
91%
Most Walks1852 BB'sBabe Ruth
81%
Most RBI's1995 RBI'sLou Gehrig
79%
Most Runs Scored1959 RunsBabe Ruth
71%
Most Stolen Bases358 SBDerek Jeter
64%
Lowest ERA2.21 ERAMariano Rivera
62%
Most Shutouts45 SHOWhitey Ford
58%
Most Strikeouts2020 K'sAndy Pettitte
43%
Most Triples163 TriplesLou Gehrig
36%
Most Completed Games261 CGRed Ruffing
23%
Most Losses139 LossesMel Stottlemyre
19%

Score Distribution

Percentile by Number Answered

Percent of People with Each Score

Your Score History

You have not taken this quiz